000 00674nam a22002057a 4500
005 20150813122956.0
010 _aENG-113526
020 _c1200.00
_a8172113536
020 _c1200.00
_a9788172113537
035 _aEN- 97058
037 _bDBAD/PUB
245 _aPublic health and development in India /
_cedited by S.B. Nimse [and] M.K. Agarwal
260 _aNew Delhi
_bNorthern Book Centre
_c2015
270 _a4221/1, Ansari Road, Daryaganj
_bNew Delhi
_e110002
300 _axxxii,335p.
_c22cm(Hb)
500 _aIncludes bibliographical references and index
700 _aNimse, S.B.
700 _aAgarwal, M.K.
942 _2ddc
_cEN
_mPUB
_h362.10954
999 _c95038
_d95038